| 000 | 00870nam a22002057a 4500 | ||
|---|---|---|---|
| 999 |
_c65649 _d65649 |
||
| 005 | 20240530110836.0 | ||
| 008 | 191103s2003 ua a f b 000 0 ara d | ||
| 017 |
_a2003/14245 _bمصر. دار الكتب |
||
| 040 |
_aEG-CaGPL _cEG-CaGPL |
||
| 082 |
_221 _a332.4044 _bق/س ع |
||
| 100 | 0 | _aسيد دسوقى الشريف | |
| 245 | 1 | 2 |
_aالعملات المصرية الورقية : _cسيد دسوقى الشريف ؛ ترجمة طارق فريد منصور |
| 260 |
_aالقاهرة : _bالفارس للدعاية والاعلان والطباعة، _c2003 |
||
| 300 |
_a234 ص. : _bايض. ؛ _c27 سم. |
||
| 504 | _aيشتمل على ارجاعات ببليوجرافية | ||
| 650 | 0 | 7 |
_2qrmak _aالنقود الورقية _zمصر |
| 700 | 0 |
_aطارق فريد منصور _eمترجم |
|
| 942 |
_2ddc _cBK |
||